| 000 | 00448nam a2200181Ia 4500 | ||
|---|---|---|---|
| 008 | 140626s9999 xx 000 0 und d | ||
| 100 | _aSaulda, Jerldine. | ||
| 245 |
_aConquer Kyusi on a budget / _cJerldine Saulda... [et al.]. |
||
| 260 | _cc2013. | ||
| 300 | _a7 : 2, page 31 | ||
| 440 | _aSide Trip | ||
| 521 | _aTOU | ||
| 650 | _aDestinations. | ||
| 650 | _aMetro guide. | ||
| 650 | _aParks. | ||
| 650 | _aQuezon city. | ||
| 942 | _cSE | ||
| 999 |
_c121140 _d121140 |
||